[Event "Verbandsliga Suedbaden 1516"]
[Site "Baden"]
[Date "2015.12.13"]
[Round "4.4"]
[White "Schneider, Dominik"]
[Black "Tuchtfeld, Juergen"]
[Result "1/2-1/2"]
[WhiteElo "1992"]
[BlackElo "2022"]
[PlyCount "121"]
[EventDate "2015.09.27"]
[EventType "team-tourn"]
[EventRounds "9"]
[EventCountry "GER"]
[SourceTitle "EXT 2022"]
[Source "ChessBase"]
[SourceDate "2021.10.06"]
[SourceVersion "1"]
[SourceVersionDate "2021.10.06"]
[SourceQuality "1"]
[WhiteTeam "Offenburg"]
[BlackTeam "Ebringen"]
[WhiteTeamCountry "GER"]
[BlackTeamCountry "GER"]

1. e4 c6 2. d3 d5 3. Nd2 Nf6 4. Ngf3 Bg4 5. c3 Nbd7 6. h3 Bh5 7. Qb3 Nc5 8. Qc2 dxe4 9. dxe4 Bg6 10. Ne5 Bxe4 11. Nxe4 Ncxe4 12. Bf4 Nd6 13. Rd1 g6 14. Bc4 Qb6 15. 0-0 Nxc4 16. Nxc4 Qc5 17. Qe2 e6 18. Be5 Be7 19. Bxf6 Bxf6 20. Nd6+ Ke7 21. Nxb7 Qb5 22. Qxb5 cxb5 23. Rd2 Rab8 24. Nc5 Rhd8 25. Rfd1 Rxd2 26. Rxd2 Rd8 27. Rxd8 Kxd8 28. Kf1 Kc7 29. Ke2 Kc6 30. Ne4 Be7 31. Kd3 f5 32. Nd2 Bf6 33. b3 h5 34. c4 b4 35. Nf1 Kc5 36. f3 Kd6 37. Ne3 Kc5 38. g4 hxg4 39. hxg4 Be7 40. Nc2 Bf6 41. a3 a5 42. axb4+ axb4 43. Ne3 Bd8 44. Ng2 Kd6 45. Nf4 g5 46. Ne2 Ke5 47. Nd4 Bb6 48. Nc6+ Kf4 49. gxf5 exf5 50. Ke2 Bc5 51. Nb8 g4 52. Nd7 gxf3+ 53. Kf1 Bd6 54. c5 Bc7 55. Kf2 Ke4 56. Nb6 Kd4 57. Na8 Bd8 58. c6 Kc3 59. c7 Bxc7 60. Nxc7 Kxb3 61. Nd5 1/2-1/2

[Event "Verbandsliga Suedbaden 1516"]
[Site "Baden"]
[Date "2015.11.22"]
[Round "3.4"]
[White "Kopp, Berthold"]
[Black "Tuchtfeld, Juergen"]
[Result "0-1"]
[WhiteElo "2199"]
[BlackElo "2022"]
[PlyCount "96"]
[EventDate "2015.09.27"]
[EventType "team-tourn"]
[EventRounds "9"]
[EventCountry "GER"]
[SourceTitle "EXT 2022"]
[Source "ChessBase"]
[SourceDate "2021.10.06"]
[SourceVersion "1"]
[SourceVersionDate "2021.10.06"]
[SourceQuality "1"]
[WhiteTeam "Lahr"]
[BlackTeam "Ebringen"]
[WhiteTeamCountry "GER"]
[BlackTeamCountry "GER"]

1. e4 c6 2. Nc3 d5 3. Nf3 Bg4 4. Be2 Nf6 5. e5 Nfd7 6. d4 e6 7. Be3 c5 8. dxc5 Nc6 9. Nd4 Bxe2 10. Nxc6 Bxd1 11. Nxd8 Kxd8 12. Rxd1 Nxe5 13. 0-0 Nc6 14. a3 Be7 15. b4 Kc8 16. f4 Rd8 17. Nb5 a6 18. Nd4 Bf6 19. Nf3 Bb2 20. Rd3 h6 21. c3 Bxa3 22. Ra1 Bb2 23. Rb1 Bxc3 24. Rxc3 d4 25. Ra3 dxe3 26. Rxe3 Kc7 27. Ne5 Nxe5 28. fxe5 Kc6 29. Rg3 g6 30. Rf3 Rd7 31. Rbf1 Rf8 32. Rf6 Kb5 33. Rxg6 fxg6 34. Rxf8 Kxb4 35. Rf6 a5 36. c6 Rd1+ 37. Kf2 b5 38. Rxe6 a4 39. Rd6 Rc1 40. e6 a3 41. e7 a2 42. e8Q a1Q 43. Qe7 Rc5 44. Rxg6 Qd4+ 45. Ke2 Qc4+ 46. Ke3 Qc1+ 47. Kf3 Qf1+ 48. Kg4 Qxg2+ 0-1

[Event "Gibraltar Masters 11th"]
[Site "Caleta"]
[Date "2013.01.31"]
[Round "10"]
[White "Boesch, Heinz"]
[Black "Tuchtfeld, Juergen"]
[Result "0-1"]
[WhiteElo "1904"]
[BlackElo "2051"]
[PlyCount "92"]
[EventDate "2013.01.22"]
[EventType "swiss"]
[EventRounds "10"]
[EventCountry "GGB"]
[SourceTitle "CBM 153"]
[Source "ChessBase"]
[SourceDate "2013.03.14"]
[SourceVersion "1"]
[SourceVersionDate "2013.03.14"]
[SourceQuality "1"]

1. c4 Nf6 2. g3 e5 3. Bg2 Nc6 4. Nc3 Bc5 5. d3 d6 6. e3 0-0 7. Nge2 Bf5 8. Nd5 Nxd5 9. cxd5 Nb4 10. e4 Bg4 11. h3 Qf6 12. 0-0 Bd7 13. a3 Na6 14. b4 Bb6 15. Bb2 c6 16. d4 cxd5 17. dxe5 Qh6 18. Kh2 dxe4 19. exd6 Rad8 20. Bd4 Bb5 21. Bxb6 axb6 22. Re1 Rxd6 23. Qc1 Qd2 24. Qxd2 Rxd2 25. Nc3 Bd3 26. Nxe4 Bxe4 27. Rxe4 f5 28. Re7 f4 29. gxf4 Rxf2 30. Rxb7 R2xf4 31. Rxb6 Nc7 32. a4 Rf2 33. Rd1 Ra2 34. a5 Rff2 35. Rg1 Nd5 36. Rb8+ Kf7 37. Rb7+ Kf6 38. Rb6+ Nxb6 39. axb6 Rfb2 40. b7 Rxb4 41. Kh1 h5 42. Rf1+ Kg5 43. Rf8 Rb1+ 44. Rf1 Rxf1+ 45. Bxf1 Rb2 46. Bg2 Kf4 0-1

[Event "Suedniedersachsen distr-ch"]
[Site "Bad Salzdetfurth"]
[Date "2004.10.17"]
[Round "5"]
[White "Tuchtfeld, Juergen"]
[Black "Kobs, Stephan"]
[Result "1-0"]
[WhiteElo "1962"]
[BlackElo "1942"]
[PlyCount "77"]
[EventDate "2004.10.15"]
[EventType "swiss"]
[EventRounds "5"]
[EventCountry "GER"]
[SourceTitle "EXT 2008"]
[Source "ChessBase"]
[SourceDate "2007.11.25"]
[SourceVersion "1"]
[SourceVersionDate "2007.11.25"]
[SourceQuality "1"]

1. d4 Nf6 2. c4 c5 3. d5 b5 4. cxb5 a6 5. bxa6 Bxa6 6. Nc3 d6 7. Nf3 g6 8. e4 Bxf1 9. Kxf1 Bg7 10. h3 0-0 11. Kg1 Nbd7 12. Kh2 Qa5 13. Re1 Rfb8 14. Qc2 Ne8 15. Bd2 Nc7 16. Nd1 Qa4 17. Qxa4 Rxa4 18. Bc3 Nb5 19. Bxg7 Kxg7 20. b3 Ra3 21. Re2 Rba8 22. Rb2 Kf6 23. Nd2 Nd4 24. f4 g5 25. g3 gxf4 26. gxf4 e6 27. Ne3 Nb6 28. Ndc4 Nxc4 29. Nxc4 Rxb3 30. axb3 Rxa1 31. Nxd6 exd5 32. exd5 Ke7 33. Ne4 Ra5 34. d6+ Ke6 35. b4 cxb4 36. Rxb4 Ra2+ 37. Kg3 Nf5+ 38. Kf3 Ra6 39. Nc5+ 1-0

[Event "Rhein Main op 07th"]
[Site "Bad Homburg"]
[Date "2004.06.13"]
[Round "7.21"]
[White "Rubel, Julian"]
[Black "Tuchtfeld, Juergen"]
[Result "1/2-1/2"]
[WhiteElo "1876"]
[BlackElo "1969"]
[PlyCount "47"]
[EventDate "2004.06.09"]
[EventType "swiss"]
[EventRounds "7"]
[EventCountry "GER"]
[SourceTitle "CBM 100 Extra"]
[Source "ChessBase"]
[SourceDate "2004.07.06"]
[SourceVersion "2"]
[SourceVersionDate "2004.07.06"]
[SourceQuality "1"]

1. d4 d5 2. c4 c6 3. Nf3 Nf6 4. e3 e6 5. Nbd2 Nbd7 6. b3 Bd6 7. Bb2 0-0 8. Bd3 Qe7 9. Ne5 Ne8 10. Qh5 g6 11. Qh6 f6 12. Nxd7 Bxd7 13. 0-0 Qg7 14. Qxg7+ Nxg7 15. e4 f5 16. e5 Bb4 17. Rfd1 b5 18. cxb5 cxb5 19. Nf3 Rfc8 20. Rac1 Be7 21. Rxc8+ Rxc8 22. Rc1 Rxc1+ 23. Bxc1 Ne8 24. a3 1/2-1/2